| 000 -LEADER |
| fixed length control field |
00708cam a2200253 a 4500 |
| 020 ## - INTERNATIONAL STANDARD BOOK NUMBER |
| ISBN |
0521438721 (pbk) |
| 020 ## - INTERNATIONAL STANDARD BOOK NUMBER |
| ISBN |
9780521438728 (pbk) |
| 020 ## - INTERNATIONAL STANDARD BOOK NUMBER |
| ISBN |
052143873X (acas) |
| 020 ## - INTERNATIONAL STANDARD BOOK NUMBER |
| ISBN |
9780521438735 (acas) |
| 020 ## - INTERNATIONAL STANDARD BOOK NUMBER |
| ISBN |
0521585341 (CDROM) |
| 020 ## - INTERNATIONAL STANDARD BOOK NUMBER |
| ISBN |
9780521585347 (CDROM) |
| 040 ## - CATALOGING SOURCE |
| Transcribing agency |
UKM |
| 082 04 - DEWEY DECIMAL CLASSIFICATION NUMBER |
| Classification number |
428 CAM 1996 A022 Or. |
| 100 1# - MAIN ENTRY--AUTHOR NAME |
| Personal name |
Horner, David, |
| 245 10 - TITLE STATEMENT |
| Title |
Words at work / |
| 260 ## - PUBLICATION, DISTRIBUTION, ETC. (IMPRINT) |
| Place of publication |
Cambridge : |
| Name of publisher |
Cambridge University Press, |
| Year of publication |
1996 |
| 300 ## - PHYSICAL DESCRIPTION |
| Number of Pages |
vi, 138 p. : |
| Other physical details |
ill., facsims., forms, ports. ; |
| Dimensions |
25 cm |
| 490 1# - SERIES STATEMENT |
| Series statement |
Cambridge professional English |
| 500 ## - GENERAL NOTE |
| General note |
Includes index |
| 650 #0 - SUBJECT ADDED ENTRY--TOPICAL TERM |
| Topical Term |
English language |
| 650 #0 - SUBJECT ADDED ENTRY--TOPICAL TERM |
| Topical Term |
Vocabulary |
| 700 1# - ADDED ENTRY--PERSONAL NAME |
| Personal name |
Strutt, Peter |
| 942 ## - ADDED ENTRY ELEMENTS (KOHA) |
| Koha item type |
សៀវភៅភាសាអង់គ្លេស |
| 952 ## - LOCATION AND ITEM INFORMATION (KOHA) |
| Withdrawn status [LOCAL, KOHA] |
0 |